00399cam a22001457a 4500008004000000082001300040100002800053245005100081260002700132300001000159500001300169650001300182650002400195650003400219180718b1961 xxu||||| |||| 00| 0 eng d aA99 K526 aKhaliquzzaman, Choudhry aPathway to Pakistancby Choudhry Khaliquzzaman aLahorebLongmansc1961 a432p. aRs.26.00 aPakistan aNationalism - India aKhaliquzzaman, Choudhgy, 1889